00845cam a22002051a 450000100100000000500170001000800410002701000130006804000250008110000460010624501640015226000330031630000280034949000400037750000210041770000330043880000460047195201050051799900170062200001999120200929170223.0740307s1968 it 0 001 0dita  a72399484 aDO-SdBNPbspacBNPHU1 aDe Sanctis, Francesco,d1817-1883.94259213aUn viaggio elettorale :bseguito da discorsi biografici, dal taccuino parlamentare e da scritti politici vari /cFrancesco De Sanctis ; a cura di Nino Cortese. aTorino :bG. Einaudi,c1968. axviii, 611 p. ;c21 cm.1 aOpere di Francesco De Sanctis ;v17 aIncluye índice1 aCortese, Nino,d1896-9425931 aDe Sanctis, Francesco,d1817-1883.942592 001050718MOaGRbGRcCTd2010-07-09iLF1l0o p19991-10r2020-06-25w2020-06-25y1ZNo se presta c19503d19503